000 00563nam a22001817a 4500
005 20231117075930.0
008 231117b |||||||| |||| 00| 0 eng d
020 _a0702100676
041 _aEnglish
082 _a343.7 DEK
100 _aThompson, C and Benjamin, P
_lEnglish
245 _aDe Kock's Industrial Laws of South Africa /
_cC Thompson and P Benjamin
250 _aSecond Edition
260 _aCape Town :
_bJuta and Company Ltd,
_c1965
300 _c27 cm.
650 _aLegal practice
_bLaw
942 _cBK
_6ALISON_BN_VRIES
999 _c753
_d753